| 000 | 003580000a22001570004500 | ||
|---|---|---|---|
| 001 | 001881 | ||
| 003 | MACL | ||
| 040 | _aMACL | ||
| 090 |
_c13874 _d13873 |
||
| 100 | _aDailey, Charles | ||
| 245 |
_aHow To Make Decisions About People _cCharles Dailey |
||
| 260 |
_aCrest Publishing House, _c2001 |
||
| 350 | _a75 | ||
| 650 | _aPsychology | ||
| 942 |
_k159 _cBook |
||
| 999 |
_c13797 _d13797 |
||